ბათუმის შოთა რუსთაველის სახელმწიფო უნივერსიტეტის ბიბლიოთეკა

Современная дипломатия:Теория и практика.Дипломатия -наука и исскуство. (ბიბ.ჩანაწერი № 44291)

000 -LEADER
fixed length control field 00942nam a2200265Ia 4500
001 - CONTROL NUMBER
control field 11049
003 - CONTROL NUMBER IDENTIFIER
control field GE_BSU
008 - FIXED-LENGTH DATA ELEMENTS--GENERAL INFORMATION
fixed length control field 181216s||||||||xx |||||||||||||| ||und||
020 ## - INTERNATIONAL STANDARD BOOK NUMBER
International Standard Book Number 9785713313630
040 ## - CATALOGING SOURCE
Transcribing agency GE_BSU
080 ## - UNIVERSAL DECIMAL CLASSIFICATION NUMBER
Universal Decimal Classification number 327(470)
100 ## - MAIN ENTRY--PERSONAL NAME
Personal name Попов,В.И.
245 ## - TITLE STATEMENT
Title Современная дипломатия:Теория и практика.Дипломатия -наука и исскуство.
245 ## - TITLE STATEMENT
Remainder of title Курс лекций.
245 ## - TITLE STATEMENT
Statement of responsibility, etc. Ред.Н.А.Попова.
250 ## - EDITION STATEMENT
Edition statement 2-е изд.доп.
260 ## - PUBLICATION, DISTRIBUTION, ETC.
Place of publication, distribution, etc. Москва
260 ## - PUBLICATION, DISTRIBUTION, ETC.
Name of publisher, distributor, etc. международны отношения.
260 ## - PUBLICATION, DISTRIBUTION, ETC.
Date of publication, distribution, etc. 2010.
300 ## - PHYSICAL DESCRIPTION
Extent 576стр,22см.
520 ## - SUMMARY, ETC.
Summary, etc. Дипломатическая академия мид России.
653 ## - INDEX TERM--UNCONTROLLED
Uncontrolled term Современная дипломатия:Теория и практика.Дипломатия наука и искуство.
942 ## - ADDED ENTRY ELEMENTS (KOHA)
Koha item type წიგნი
ეგზემპლარები
Withdrawn status Lost status Damaged status Not for loan Date acquired Barcode Date last seen Price effective from Koha item type
        2018-12-17 35349 2018-12-17 2018-12-17 წიგნი
        2018-12-17 35350 2018-12-17 2018-12-17 წიგნი
        2018-12-17 36200 2018-12-17 2018-12-17 წიგნი